Score 0/20 Timer 03:00
0 Plays Today
Film Missing Word % Correct
_____ the 13thFriday
96.6%
Groundhog _____Day
96.6%
The Silence of the _____Lambs
96%
The _____ PantherPink
95%
Ace _____: Pet DetectiveVentura
93.6%
The Whole _____ YardsNine
92.7%
50 First _____Dates
92.7%
_____ GilmoreHappy
87.7%
The Passion of the _____Christ
86.7%
Gnomeo & _____Juliet
86.2%
Film Missing Word % Correct
_____ of a Mad Black WomanDiary
75.2%
Confessions of a _____ Drama QueenTeenage
74.9%
_____ to TerabithiaBridge
73.5%
The _____ ClubBreakfast
71.9%
Bill & Ted's _____ AdventureExcellent
71.7%
Reindeer _____Games
66.9%
I Am Number _____Four
54.2%
_____ to Never LandReturn
37%
Journey 2: The Mysterious _____Island
35.1%
Welcome Home _____ JenkinsRoscoe
22.7%

Today's Daily Dose

Missing Word
I Hardly Know Her!

Word Ladder
Sentence Ending

Quick Pick
Female Firsts

Get the Picture
Triathlon Sports

Remove Ads.
Support Sporcle.
Get the best of Sporcle when you Go Orange. This ad-free experience offers more features, more stats, and more fun while also helping to support Sporcle. Thank you for becoming a member.

You're not logged in!

Compare scores with friends on all Sporcle quizzes.
OR
Log In

Show Comments

Extras

Top Quizzes Today


Score Distribution

Your Account Isn't Verified!

In order to create a playlist on Sporcle, you need to verify the email address you used during registration. Go to your Sporcle Settings to finish the process.

Report this User

Report this user for behavior that violates our Community Guidelines.

Details: